[Event "Arnold Cup"]
[Site "Gausdal"]
[Date "1987.??.??"]
[Round "?"]
[White "Bjerke, Richard"]
[Black "Karlsson, Lars"]
[Result "1-0"]
[WhiteElo "2295"]
[BlackElo "2480"]

1.Nf3 f5 2.g3 Nf6 3.Bg2 g6 4.O-O Bg7 5.d4 O-O 6.c4 d6 7.Nc3 Qe8 8.Nd5 Na6
9.Qb3 c5 10.Nxf6+ Rxf6 11.d5 Rb8 12.Bd2 b5 13.Bc3 bxc4 14.Qxc4 Rf8 15.Bxg7 Kxg7
16.b3 Kg8 17.Qc3 Nc7 18.Nd4 Nb5 19.Nxb5 Qxb5 20.e4 f4 21.gxf4 Rxf4 22.Qe3 g5
23.e5 Qd7 24.Rfe1 Rbb4 25.Rac1 Rbd4 26.Rc4 Ba6 27.Rxd4 cxd4 28.Qg3 Qf5 29.exd6 exd6
30.Bh3 g4 31.Bg2 Qg5 32.h4 Qf5 33.h5 Kf7 34.b4 Bc4 35.Qa3 a6 36.Qa5 Qd7 37.Qb6 d3
38.Qe3 Rf5 39.Qd4 Bb5 40.Qh8 Rxh5 41.Re6 Qxe6 42.dxe6+ Kxe6 43.Qd4 Re5 44.a4 Bxa4
45.Qxd3 a5 46.Qc4+  1-0

[Event "POL-ch sf"]
[Site "Gdynia"]
[Date "1987.??.??"]
[Round "6"]
[White "Siekanski, Janusz"]
[Black "Dybowski, Jerzy"]
[Result "1/2-1/2"]
[WhiteElo "2335"]
[BlackElo "2350"]

1.Nf3 f5 2.g3 Nf6 3.Bg2 g6 4.d4 Bg7 5.O-O O-O 6.c4 d6 7.Nc3 Nc6 8.d5 Ne5
9.Nxe5 dxe5 10.Qb3 h6 11.Rd1 Kh8 12.Bd2 g5 13.Be1 a6 14.c5 Rb8 15.Qa3 Qe8
16.d6 c6 17.Na4 Be6 18.Ba5 exd6 19.cxd6 Nd7 20.Bc7 Rc8 21.Nc5 e4 22.Nxb7 Bc4
23.Rd2 f4 24.Nc5 e3 25.fxe3 fxg3 26.hxg3 Be5 27.Nxd7 Qxd7 28.Qc5 Bd5 29.Rxd5 cxd5
30.Qxd5 Bxg3 31.Qd4+ Qg7 32.Qxg7+ Kxg7 33.Bb7 Rxc7 34.dxc7 Bxc7 35.Bxa6 Bb6
36.Rf1 Bxe3+ 37.Kg2 Rb8 38.b3  1/2-1/2

[Event "Dreszer mem"]
[Site "Gdynia"]
[Date "1987.??.??"]
[Round "9"]
[White "Tomaszewski, Roman"]
[Black "Socha, Czeslaw"]
[Result "1/2-1/2"]
[WhiteElo "2380"]
[BlackElo "2270"]

1.d4 f5 2.Nf3 Nf6 3.g3 g6 4.Bg2 Bg7 5.O-O O-O 6.c4 d6 7.Nc3 Qe8 8.d5 c5 9.dxc6 bxc6
10.Rb1 Bd7 11.Nd4 Na6 12.b4 Nxb4 13.Nxf5 gxf5 14.Rxb4 Ng4 15.Qc2 Rb8 16.Ra4  1/2-1/2

[Event "Graz op"]
[Site "Graz"]
[Date "1987.??.??"]
[Round "7"]
[White "Cvitan, Ognjen"]
[Black "Vanheste, Jeroen"]
[Result "1-0"]
[WhiteElo "2510"]
[BlackElo "2325"]

1.d4 f5 2.Nf3 Nf6 3.g3 g6 4.Bg2 Bg7 5.O-O O-O 6.c4 d6 7.Nc3 Qe8 8.d5 Na6
9.Rb1 Bd7 10.b4 c6 11.dxc6 bxc6 12.a3 Qf7 13.c5 d5 14.b5 Nc7 15.bxc6 Bxc6
16.Bf4 Nfe8 17.Ng5 Qf6 18.Nxd5 Nxd5 19.Bxd5+ Kh8 20.Ne6  1-0

[Event "Moscow-B"]
[Site "Moscow"]
[Date "1987.??.??"]
[Round "?"]
[White "Kotronias, Vasilios"]
[Black "Casper, Thomas"]
[Result "0-1"]
[WhiteElo "2440"]
[BlackElo "2430"]

1.d4 f5 2.Nf3 Nf6 3.g3 g6 4.Bg2 Bg7 5.O-O O-O 6.c4 d6 7.Nc3 Qe8 8.Re1 Qf7
9.Qd3 h6 10.d5 e5 11.dxe6 Bxe6 12.c5 Nc6 13.cxd6 Rad8 14.Qc2 Rxd6 15.Bf4 Rd7
16.Ne5 Nxe5 17.Bxe5 c6 18.Qa4 a6 19.Rad1 Rfd8 20.Rxd7 Rxd7 21.Qa5 Ng4 22.Bxg7 Kxg7
23.b3 Qf6 24.Na4 Bd5 25.Nc5 Qd4 26.Rf1 Re7 27.e3 Nxe3 28.fxe3 Rxe3 29.Rf2 b6
30.Qxa6 Qxc5 31.Bxd5 cxd5 32.Kg2 d4 33.Qb7+ Re7 34.Qf3 Qe5 35.Rd2 Qe4 36.Qxe4 Rxe4
37.Rc2 Kf6 38.Kf2 Re6 39.Rc4 Ke5 40.Ke2 Ke4 41.a4 g5 42.Rc8 f4 43.gxf4 gxf4
44.Rf8 d3+ 45.Kd2 Rd6 46.Rf7 Kf3 47.Rf8 h5 48.Rh8 Kg2 49.Rxh5 f3 50.Rg5+ Kxh2
51.b4 Rd4 52.a5 f2 53.Rf5 Kg2 54.Rg5+ Kf3  0-1

[Event "Moscow-B"]
[Site "Moscow"]
[Date "1987.??.??"]
[Round "?"]
[White "Pigusov, Evgeny"]
[Black "Casper, Thomas"]
[Result "1/2-1/2"]
[WhiteElo "2520"]
[BlackElo "2430"]

1.Nf3 f5 2.g3 Nf6 3.Bg2 g6 4.O-O Bg7 5.d4 O-O 6.c4 d6 7.Nc3 Qe8 8.d5 Na6
9.Rb1 Bd7 10.b4 c6 11.a3 Nc7 12.Nd4 cxd5 13.cxd5 Qf7 14.Nb3  1/2-1/2

[Event "Namestovo"]
[Site "Namestovo"]
[Date "1987.??.??"]
[Round "15"]
[White "Trapl, Jindrich"]
[Black "Paunovic, Dragan"]
[Result "0-1"]
[WhiteElo "2415"]
[BlackElo "2450"]

1.c4 f5 2.Nf3 Nf6 3.g3 g6 4.Bg2 Bg7 5.O-O O-O 6.d4 d6 7.d5 c6 8.Nd4 Qe8 9.Nc3 Bd7
10.Rb1 Na6 11.dxc6 bxc6 12.b4 Rb8 13.b5 cxb5 14.cxb5 Nc5 15.Nc6 Bxc6 16.Bxc6 Qf7
17.Be3 Ng4 18.Bxc5 dxc5 19.Na4 Rbd8 20.Qc2 f4 21.Bf3 Ne5 22.Be4 Rd4 23.Rbd1 Rc4
24.Nc3 e6 25.Qb3 f3 26.Bd3 Rd4 27.Bb1 h5 28.exf3 Nxf3+ 29.Kg2 Rb4 30.Qc2 Bxc3
31.Qxc3 Qb7  0-1

[Event "New York op"]
[Site "New York"]
[Date "1987.??.??"]
[Round "?"]
[White "Zueger, Beat"]
[Black "Lombardy, William James"]
[Result "1/2-1/2"]
[WhiteElo "2405"]
[BlackElo "2470"]

1.c4 f5 2.d4 Nf6 3.g3 g6 4.Bg2 Bg7 5.Nf3 O-O 6.O-O d6 7.Nc3 Nc6 8.d5 Na5
9.Nd2 c5 10.Qc2 Bd7 11.b3 a6 12.Bb2 b5 13.e3 Rb8 14.Rab1 Qc7 15.Ne2 e5 16.dxe6 Bxe6
17.Nf4 Bf7 18.Bxf6 Bxf6 19.Nd5 Qd8 20.b4 cxb4 21.Rxb4 Bg7 22.cxb5 Rxb5 23.Rxb5 axb5
24.Rb1 Qd7 25.Nb6 Qe8 26.Qd3 Nc4 27.Ndxc4 bxc4 28.Nxc4 Qe6 29.Nb6 Qxa2 30.Bd5 Bxd5
31.Nxd5 Qa7 32.Rb6 Be5 33.Qb3 Rf7 34.f4 Qa1+ 35.Kg2 Qe1 36.Qa2 Bc3 37.Nxc3 Qxc3
38.Rxd6 Qxe3 39.Qb2 Re7 40.Rd8+ Re8 41.Qa2+ Kg7  1/2-1/2

[Event "BUL-ch (Women)"]
[Site "Sofia"]
[Date "1987.??.??"]
[Round "13"]
[White "Genova, Ruzka"]
[Black "Kalcheva, Natalia"]
[Result "1/2-1/2"]
[WhiteElo "2185"]
[BlackElo "2025"]

1.d4 f5 2.Nf3 g6 3.g3 Bg7 4.Bg2 Nf6 5.O-O O-O 6.c4 d6 7.Nc3 Qe8 8.d5 Na6
9.Rb1 Bd7 10.b4 Rb8 11.Be3 e5 12.dxe6 Bxe6 13.Nd5 Bxd5 14.cxd5 Ne4 15.Qb3 Nc3
16.Rb2 Qb5 17.Re1 Qxd5 18.Nd4 Qxb3 19.Rxb3 Ne4 20.Ne6 Rfe8 21.Nxg7 Kxg7 22.Bxa7 Ra8
23.Bd4+ Kf7 24.f3 Nf6 25.e4 Nb8 26.a3 Nc6 27.Bb2 Re7 28.Rbe3 Rae8 29.R3e2 g5
30.Kf1 f4 31.gxf4 gxf4 32.Rd1 d5 33.Bxf6 Kxf6 34.Rxd5 Ne5 35.Rc2 Rg8 36.Kf2 Reg7
37.Bh3 Ra8 38.Rc3 Re7 39.Rdc5 c6 40.Rb3 Rd8 41.Ke2 Rg7 42.b5 Rg1 43.bxc6 bxc6
44.Bf1 Rh1 45.h3 Rh2+ 46.Ke1 Rdd2 47.Rc1  1/2-1/2

[Event "Tatran Cup"]
[Site "Stary Smokovec"]
[Date "1987.??.??"]
[Round "?"]
[White "Stohl, Igor"]
[Black "Tibensky, Robert"]
[Result "1-0"]
[WhiteElo "2450"]
[BlackElo "2390"]

1.d4 f5 2.g3 Nf6 3.Bg2 g6 4.Nf3 Bg7 5.O-O O-O 6.c4 c5 7.Nc3 Na6 8.b3 d6 9.Bb2 cxd4
10.Nxd4 Nc5 11.Qd2 a5 12.Rac1 Bd7 13.Rfd1 Kh8 14.e3 h6 15.Nde2 g5 16.Nd5 Bc6
17.Nd4 Nfe4 18.Qc2 e6 19.Nxc6 bxc6 20.Bxg7+ Kxg7 21.Nc3 d5 22.f3 Nf6 23.cxd5 cxd5
24.Nxd5 Nxd5 25.Qxc5 Rc8 26.Qa7+ Kg8 27.f4 Rxc1 28.Rxc1 Nf6 29.Qa6 Re8 30.Qe2 Qb6
31.Rc6 Qa7 32.Qd2 gxf4 33.gxf4 Ng4 34.Qd4 Qf7 35.h3 Nf6 36.Qe5 Kh7 37.Rc7 Re7
38.Rxe7 Qxe7 39.Qxa5 Qd7 40.Qe5  1-0

[Event "URS-FL"]
[Site "Sverdlovsk"]
[Date "1987.??.??"]
[Round "?"]
[White "Dokhoian, Yury"]
[Black "Malaniuk, Vladimir P"]
[Result "1/2-1/2"]
[WhiteElo "2525"]
[BlackElo "2545"]

1.d4 f5 2.Nf3 Nf6 3.g3 g6 4.Bg2 Bg7 5.O-O O-O 6.c4 d6 7.Nc3 Qe8 8.Re1 Qf7
9.Qd3 h6 10.b3 Nc6 11.Ba3 Ne4 12.Rad1 Nxc3 13.Qxc3 f4 14.Qd2 Bg4 15.d5 Ne5
16.Qxf4 Qxf4 17.gxf4 Bxf3 18.fxe5 Bxg2 19.Kxg2 Bxe5 20.Bc1 Kg7 21.Rd3 Rf5
22.Rf3 Raf8 23.Rxf5 Rxf5 24.Rd1 Bf4 25.Bb2+ Be5 26.Bc1  1/2-1/2

[Event "URS Army-ch"]
[Site "Tashkent"]
[Date "1987.??.??"]
[Round "?"]
[White "Pigusov, Evgeny"]
[Black "Legky, Nikolay A"]
[Result "1/2-1/2"]
[WhiteElo "2520"]
[BlackElo "2350"]

1.Nf3 f5 2.g3 Nf6 3.Bg2 g6 4.O-O Bg7 5.d4 O-O 6.c4 d6 7.Nc3 Qe8 8.d5 Na6
9.Rb1 c6 10.b3 Bd7 11.Bb2 Nc7 12.Qd2 h6 13.h4 Rc8 14.Ba1 Qf7 15.Rbd1 cxd5
16.cxd5 b5 17.b4 a5 18.a3 axb4 19.axb4 Na6 20.Rb1 Rc4 21.Nd4 Nxb4 22.Ndxb5 Bxb5
23.Nxb5 Nbxd5 24.Rfd1 Nc7 25.Bxf6 Bxf6 26.Qxh6 Rc5 27.Nxc7 Rxc7 28.Qe3 Kg7
29.Bd5 Qe8 30.Rb3 Qa4 31.Kg2 Rc3 32.Rxc3 Qxd1 33.Rd3 Qa1 34.Qf3 Rc8 35.Bb3 Rc1
36.Qd5 Rg1+ 37.Kh2 Qe1 38.Qf3 Rf1 39.Kg2 Rg1+  1/2-1/2

[Event "URS Army-ch"]
[Site "Tashkent"]
[Date "1987.??.??"]
[Round "?"]
[White "Dautov, Rustem"]
[Black "Legky, Nikolay A"]
[Result "1/2-1/2"]
[WhiteElo "2555"]
[BlackElo "2350"]

1.d4 f5 2.g3 Nf6 3.Bg2 g6 4.Nf3 Bg7 5.O-O O-O 6.c4 d6 7.Nc3 Qe8 8.Nd5 Nxd5
9.cxd5 Qb5 10.Ne1 Na6 11.a4 Qb6 12.Be3 Nb4 13.Nd3 Nxd3 14.Qxd3 a5 15.Rfc1 Bd7
16.b3 Rfc8 17.Rc4 Qa7 18.Rc3 Rab8 19.h4 b5 20.axb5 Rxb5 21.Bf3 Qb6 22.Rac1 Rb4
23.Qc2 a4 24.bxa4 Bxa4 25.Qd2 Kf7 26.Rc4 Rxc4 27.Rxc4 Bb5 28.Rc1 Ra8 29.Qc3 Ra4
30.Qxc7 Qxc7 31.Rxc7 Bxd4 32.Bf4 Bc5 33.e3 Ra7 34.Rc8 Ba6 35.Rb8 Rb7 36.Ra8 Ra7  1/2-1/2

[Event "Tashkent Hodzhaev"]
[Site "Tashkent"]
[Date "1987.??.??"]
[Round "?"]
[White "Timoshchenko, Gennadi A"]
[Black "Malaniuk, Vladimir P"]
[Result "1/2-1/2"]
[WhiteElo "2495"]
[BlackElo "2575"]

1.d4 f5 2.g3 Nf6 3.Bg2 g6 4.c4 Bg7 5.Nf3 O-O 6.O-O d6 7.Nc3 Qe8 8.d5 Na6
9.Rb1 c5 10.b3 Nc7 11.a4 b6 12.e4 fxe4 13.Ng5 e3 14.Bxe3 Bf5 15.Nge4 Nxe4
16.Nxe4 a6 17.Qd2 Rb8 18.Rbe1 b5 19.axb5 axb5 20.Bh6 Qf7 21.Bg5 Rfe8 22.Qa5 Na8
23.b4 h6 24.Bc1 Nb6 25.bxc5 Nxc4 26.Qb4 dxc5 27.Nxc5 Qf6 28.Bf4 Qc3 29.Qxc3 Bxc3
30.Bxb8 Bxe1 31.Rxe1 Rxb8 32.Rxe7 b4 33.Bf1 Nd6 34.Re3 Bc2 35.Re6 Rd8 36.Bd3 b3
37.Rxg6+ Kf7 38.Rxh6 Nb5 39.Nxb3 Bxd3 40.Nc5 Bg6 41.Ne6 Rxd5 42.Nf4 Rd1+
43.Kg2 Be4+ 44.Kh3 Rd2 45.f3 Bxf3 46.g4 Be4 47.g5 Nd4 48.Rf6+ Kg8 49.g6 Rd1
50.Kg3 Rf1 51.Nh5 Nf5+ 52.Kg4 Bf3+  1/2-1/2

[Event "Tashkent"]
[Site "Tashkent"]
[Date "1987.??.??"]
[Round "?"]
[White "Loginov, Valery A"]
[Black "Malaniuk, Vladimir P"]
[Result "1/2-1/2"]
[WhiteElo "2355"]
[BlackElo "2545"]

1.Nf3 f5 2.g3 g6 3.Bg2 Bg7 4.d4 Nf6 5.O-O O-O 6.c4 d6 7.b3 e5 8.dxe5 dxe5
9.Ba3 Re8 10.Nc3 e4 11.Nd4 c6 12.e3 Nbd7 13.Qc2 Ne5 14.Rad1 Qc7 15.Kh1 Qf7
16.Rde1 b6 17.f4 Nd3 18.Nxc6 Bd7 19.Ne5 Nxe1 20.Rxe1 Rxe5 21.fxe5 Ng4 22.Nd5 Nxe5
23.Rf1 Re8 24.Bxe4 Ng4 25.Bg2 Nxe3  1/2-1/2

[Event "Tashkent Hodzhaev"]
[Site "Tashkent"]
[Date "1987.??.??"]
[Round "?"]
[White "Vladimirov, Evgeny"]
[Black "Malaniuk, Vladimir P"]
[Result "1-0"]
[WhiteElo "2525"]
[BlackElo "2575"]

1.d4 f5 2.g3 g6 3.Bg2 Nf6 4.Nf3 Bg7 5.O-O O-O 6.c4 d6 7.b4 e5 8.dxe5 Nfd7
9.Nc3 Nxe5 10.Nxe5 Bxe5 11.Bb2 Nc6 12.b5 Nd4 13.Qd2 Ne6 14.Rad1 Nc5 15.Na4 Ne6
16.c5 Bxb2 17.Qxb2 Qe7 18.cxd6 cxd6 19.Qa3 Nc7 20.Nc3 Rd8 21.Rd3 Be6 22.Rfd1 a6
23.b6 Nb5 24.Nd5 Nxa3 25.Nxe7+ Kf7 26.Bxb7 Kxe7 27.Bxa8 Nc4 28.Bd5 Nb2 29.Re3 Nxd1
30.Rxe6+ Kd7 31.Rf6 Nc3 32.Rf7+ Ke8 33.Rxh7  1-0

[Event "Toronto"]
[Site "Toronto"]
[Date "1987.??.??"]
[Round "?"]
[White "Stone, Raymond"]
[Black "Spraggett, Kevin"]
[Result "0-1"]
[WhiteElo "2340"]
[BlackElo "2550"]

1.c4 f5 2.g3 Nf6 3.Bg2 g6 4.d4 Bg7 5.Nf3 O-O 6.O-O d6 7.Nc3 Qe8 8.d5 Na6
9.Nd4 Bd7 10.Rb1 c6 11.b3 Nc7 12.Bb2 Rb8 13.b4 cxd5 14.cxd5 g5 15.Bc1 Qg6
16.Nf3 h6 17.Qd3 Rbc8 18.Bb2 a6 19.e3 Qh5 20.Rfe1 Rf7 21.Qd1 Rff8 22.Ba1 Qf7
23.Qd2 Nb5 24.Nxb5 Ne4 25.Nxd6 exd6 26.Qd1 Bc3 27.Rc1 Bxe1 28.Qxe1 Qxd5  0-1

[Event "Voronez"]
[Site "Voronez"]
[Date "1987.??.??"]
[Round "?"]
[White "Balashov, Yuri S"]
[Black "Yrjola, Jouni"]
[Result "1-0"]
[WhiteElo "2550"]
[BlackElo "2425"]

1.d4 f5 2.g3 Nf6 3.Bg2 g6 4.Nf3 Bg7 5.O-O O-O 6.c4 d6 7.Nc3 Qe8 8.b3 e5 9.dxe5 dxe5
10.e4 Nc6 11.Nd5 Rf7 12.Ng5 Nxe4 13.Nxf7 Qxf7 14.Bb2 Be6 15.Qe2 Nc5 16.b4 Na4
17.b5 Nxb2 18.bxc6 e4 19.cxb7 Rb8 20.f3 exf3 21.Bxf3 c6 22.Rae1  1-0

[Event "Wch Girls U20"]
[Site "Adelaide"]
[Date "1988.??.??"]
[Round "?"]
[White "Amura, Claudia Noemi"]
[Black "Bojkovic, Natasa"]
[Result "1/2-1/2"]
[WhiteElo "2195"]
[BlackElo "2220"]

1.d4 f5 2.Nf3 Nf6 3.g3 g6 4.Bg2 Bg7 5.O-O O-O 6.c4 d6 7.Nc3 Nc6 8.d5 Ne5
9.Nxe5 dxe5 10.e4 f4 11.Rb1 g5 12.f3 a5 13.Bd2 Ra6 14.Na4 fxg3 15.hxg3 Nh5
16.Qe1 g4 17.fxg4 Rxf1+ 18.Qxf1 Bxg4 19.Qd3 Rg6 20.Be1 Qc8 21.b3 b6 22.Rb2 Bh3
23.Qf3 Bg4 24.Qd3 Bh3 25.Qf3 Bg4  1/2-1/2

[Event "Baku"]
[Site "Baku"]
[Date "1988.??.??"]
[Round "?"]
[White "Huzman, Alexander"]
[Black "Malaniuk, Vladimir P"]
[Result "1/2-1/2"]
[WhiteElo "2465"]
[BlackElo "2520"]

1.Nf3 f5 2.g3 g6 3.Bg2 Bg7 4.d4 Nf6 5.O-O O-O 6.c4 d6 7.Nc3 Qe8 8.b3 Na6
9.Ba3 c6 10.e3 Rb8 11.Ne1 b5 12.cxb5 cxb5 13.Nd5 Bb7 14.Nxf6+ Bxf6 15.Bxb7 Rxb7
16.Nd3 b4 17.Bb2 Qb5  1/2-1/2

[Event "Baku"]
[Site "Baku"]
[Date "1988.??.??"]
[Round "?"]
[White "Palatnik, Semon"]
[Black "Avshalumov, Alex"]
[Result "1-0"]
[WhiteElo "2500"]
[BlackElo "2420"]

1.d4 f5 2.Nf3 Nf6 3.g3 g6 4.Bg2 Bg7 5.O-O O-O 6.c4 d6 7.Nc3 Nc6 8.d5 Ne5
9.Nxe5 dxe5 10.b3 e4 11.Ba3 Ng4 12.Qc2 a6 13.Rad1 Bd7 14.c5 Qe8 15.c6 bxc6
16.dxc6 Bxc6 17.Nd5 Bxd5 18.Rxd5 c6 19.Ra5 h5 20.Bc5 Kh7 21.f3 exf3 22.exf3 Nf6
23.Qe2 Nd5 24.Rxa6 Rxa6 25.Qxa6 f4 26.Re1 Rf5 27.g4 Rf8 28.gxh5 Rf5 29.hxg6+ Qxg6
30.Qd3 e5 31.Kh1 Qh5 32.Rg1 Kh8 33.Bf1 Rf6 34.Be2 e4 35.Qxe4 Nc3 36.Qe7 Rf7
37.Qe8+ Kh7 38.Bd3+ Kh6 39.Rg6+ Qxg6 40.Bxg6 Kxg6 41.a4  1-0

[Event "GMA-Open"]
[Site "Belgrade"]
[Date "1988.??.??"]
[Round "?"]
[White "Gurevich, Dmitry"]
[Black "Kontic, Djordje"]
[Result "1-0"]
[WhiteElo "2475"]
[BlackElo "2370"]

1.d4 f5 2.c4 Nf6 3.g3 g6 4.Bg2 Bg7 5.Nf3 O-O 6.O-O d6 7.Nc3 Nc6 8.d5 Na5
9.Qd3 c5 10.b3 Bd7 11.Bb2 a6 12.Nd2 Rb8 13.Rab1 b5 14.h3 Qe8 15.Ba1 g5 16.cxb5 axb5
17.b4 Nb7 18.a3 c4 19.Qe3 Qg6 20.f4 Nh5 21.fxg5 Be5 22.Nf3 Bxg3 23.Qd4 Nd8
24.Ne4 Nf7 25.Nxg3 Nxg3 26.Rf2 Nxg5 27.Nh4 Qh6 28.Kh2 N3e4 29.Bxe4 Nxh3 30.Bxf5 Nxf2
31.Bxd7 Rf6 32.Be6+ Kf8 33.Rg1  1-0

[Event "GMA-Open"]
[Site "Belgrade"]
[Date "1988.??.??"]
[Round "?"]
[White "Morovic Fernandez, Ivan"]
[Black "Avshalumov, Alex"]
[Result "0-1"]
[WhiteElo "2545"]
[BlackElo "2420"]

1.c4 f5 2.d4 Nf6 3.g3 g6 4.Bg2 Bg7 5.Nf3 O-O 6.O-O d6 7.Nc3 Nc6 8.d5 Ne5
9.Nxe5 dxe5 10.Qb3 h6 11.Rd1 g5 12.c5 Kh8 13.Qc4 a6 14.b3 Qe8 15.Ba3 e4 16.c6 b6
17.Bb2 Ng4 18.Na4 Ne5 19.Qc2 Qg6 20.Bd4 Rd8 21.Nc3 e6 22.Qb2 Nf7 23.Bxg7+ Qxg7
24.dxe6 Bxe6 25.g4 Qe5 26.gxf5 Bxf5 27.e3 Rd3 28.Rxd3 exd3 29.Rd1 Rd8 30.Qc1 Bg4
31.Rd2 Kh7 32.e4 Qd6 33.Nd5 Ne5 34.h3 Be2 35.Qc3 Rf8 36.Qb4 Qxb4 37.Nxb4 Rf6
38.Nxa6 Rxc6 39.Nb4 Rc1+ 40.Kh2 c5  0-1

[Event "GMA-Open"]
[Site "Belgrade"]
[Date "1988.??.??"]
[Round "?"]
[White "Cvetkovic, Srdjan"]
[Black "Legky, Nikolay A"]
[Result "1-0"]
[WhiteElo "2420"]
[BlackElo "2380"]

1.c4 f5 2.Nf3 Nf6 3.g3 g6 4.Bg2 Bg7 5.d4 O-O 6.O-O d6 7.d5 Na6 8.Nc3 Qe8
9.Rb1 c5 10.dxc6 bxc6 11.b4 Rb8 12.b5 Nc5 13.Nd4 cxb5 14.cxb5 Qf7 15.Nc6 Rb7
16.Be3 Nfe4 17.Nxe4 Nxe4 18.Nxa7 Bd7 19.a4 d5 20.a5 Nc3 21.Qd2 Nxb1 22.Rxb1 e6
23.a6 Rbb8 24.b6 Qe7 25.Qa2 g5 26.b7 f4 27.Bb6 Qd6 28.Qa5 fxg3 29.hxg3 Qe5
30.Nb5 Qxe2 31.a7 Qc2 32.Rf1 Qc6 33.axb8=Q Rxb8 34.Bc7 Rxb7 35.Qa8+ Bf8 36.Bd6 Be8
37.Bxf8 Kxf8 38.Nd4  1-0

[Event "GMA-Open"]
[Site "Belgrade"]
[Date "1988.??.??"]
[Round "?"]
[White "Olafsson, Helgi"]
[Black "Tseitlin, Mikhail S"]
[Result "1-0"]
[WhiteElo "2525"]
[BlackElo "2455"]

1.d4 f5 2.Nf3 Nf6 3.g3 g6 4.Bg2 Bg7 5.O-O O-O 6.c4 d6 7.Nc3 Nc6 8.d5 Na5
9.Nd2 c5 10.Rb1 e5 11.dxe6 Bxe6 12.Nd5 Rc8 13.b3 Bxd5 14.cxd5 b5 15.b4 cxb4
16.Rxb4 Qd7 17.Nb3 Nxb3 18.Qxb3 Rfe8 19.Bf3 a6 20.a4 Ne4 21.axb5 a5 22.Rc4 Nc5
23.Qc2 Qxb5 24.Ba3 Bf8 25.Rd1 Rc7 26.g4 f4 27.Rxf4 Rec8 28.Rb1 Qe8 29.Rc4 Bg7
30.Rb6 Bf8 31.Rc6 Rb7 32.Bxc5 dxc5 33.Rxc8 Qxc8 34.d6 Rb5 35.Bd5+ Kh8 36.Qc3+ Bg7
37.Qe3 Bf6 38.g5 Bg7 39.Qe7 Rb1+ 40.Kg2  1-0

[Event "GMA-Open"]
[Site "Belgrade"]
[Date "1988.??.??"]
[Round "?"]
[White "Pavlovic, Milos"]
[Black "Timoshenko, Georgy"]
[Result "0-1"]
[WhiteElo "2390"]
[BlackElo "2515"]

1.d4 f5 2.Nf3 Nf6 3.g3 g6 4.Bg2 Bg7 5.O-O O-O 6.c4 d6 7.d5 c5 8.Nc3 Na6 9.Ng5 Nc7
10.Qc2 Qe8 11.a4 h6 12.Nf3 Na6 13.Ne1 Nb4 14.Qd1 g5 15.f4 Qh5 16.Nf3 Ne4
17.Ra3 Bd7 18.Be3 b6 19.Qc1 gxf4 20.Bxf4 Nf6 21.h3 Kh7 22.Nh4 Rad8 23.Qb1 Kg8
24.Kh2 e5 25.dxe6 Bxe6 26.Bf3 Qf7 27.Nxf5 Bxf5 28.Qxf5 Qxc4 29.Rd1 d5 30.Nb5 Qc2
31.Qe6+ Kh7 32.Rd2 Qg6 33.Nd6 Nh5 34.Qxg6+ Kxg6 35.Bxh5+ Kxh5 36.Nb5 a6 37.Nc7 Rf6
38.Re3 d4 39.Re7 Bf8 40.Rh7 Bd6 41.Bxd6 Rfxd6 42.Re7 Kg6 43.Rd1 R8d7 44.Rxd7 Rxd7
45.Ne6 Kf5 46.Nf8 Rd6 47.Rf1+ Ke4 48.g4 Ke3 49.h4 Kxe2 50.Kg2 d3 51.Rf2+ Ke3
52.Rf3+ Ke4  0-1

[Event "Belgrade (Women)"]
[Site "Belgrade"]
[Date "1988.??.??"]
[Round "4"]
[White "Voiska, Margarita"]
[Black "Bojkovic, Natasa"]
[Result "1/2-1/2"]
[WhiteElo "2315"]
[BlackElo "2220"]

1.Nf3 f5 2.g3 Nf6 3.Bg2 g6 4.c4 Bg7 5.O-O O-O 6.d4 d6 7.d5 Na6 8.Nc3 Bd7
9.Be3 c5 10.Qd2 Nc7 11.Bh6 b5 12.Bxg7 Kxg7 13.b3 Rb8 14.Qd3 bxc4 15.bxc4 e5
16.dxe6 Bxe6 17.Rab1 Rb4 18.Nd2 d5 19.Nxd5 Ncxd5 20.cxd5 Bxd5 21.Qc3 Bxg2
22.Kxg2 Qd5+ 23.Nf3 Kg8 24.Rfd1 Qe4 25.Rxb4 Qxb4 26.Qe5 Qe4 27.Qxc5 Qxe2
28.Re1 Qxa2 29.Re7 Qd5 30.Qxd5+ Nxd5 31.Rxa7 Rf7 32.Ra8+ Kg7 33.Nd4  1/2-1/2

[Event "Berlin op"]
[Site "Berlin-West"]
[Date "1988.??.??"]
[Round "9"]
[White "Kallai, Gabor"]
[Black "Krause, Ullrich"]
[Result "1-0"]
[WhiteElo "2450"]
[BlackElo "2040"]

1.d4 f5 2.Nf3 Nf6 3.g3 g6 4.Bg2 Bg7 5.O-O O-O 6.c4 d6 7.Nc3 c6 8.d5 Qe8 9.Re1 Na6
10.Nd4 Bd7 11.e4 fxe4 12.Nxe4 Nxe4 13.Bxe4 Nc5 14.Bg2 Qf7 15.Be3 e5 16.Nb3 Nxb3
17.Qxb3 c5 18.Qxb7 Rfb8 19.Qa6 Rb6 20.Qa3 Rb4 21.Qa6 Rb6 22.Qa5 Rxb2 23.Rab1 Rab8
24.Rxb2 Rxb2 25.Qxa7 Rb4 26.a3 Ra4 27.Qb8+ Bf8 28.f4 e4 29.Qb3 Qe8 30.Bf2 Qa8
31.Bxe4 Rxa3 32.Qb6 Ra4 33.Qb3 Bg7 34.h4 Rb4 35.Qd3 Qa2 36.h5 Rb2 37.Be3 Bg4
38.hxg6 Rb3 39.gxh7+ Kh8 40.Rb1 Bb2 41.Qd2 Qa3 42.Kf2 Kg7 43.Bc2 Rxe3 44.Qxe3 Bd4
45.Qxd4+ cxd4 46.Rb7+  1-0

[Event "Calcutta"]
[Site "Calcutta"]
[Date "1988.??.??"]
[Round "?"]
[White "Mitra, Swapan"]
[Black "Arencibia, Walter"]
[Result "0-1"]
[WhiteElo "2280"]
[BlackElo "2445"]

1.Nf3 f5 2.g3 Nf6 3.Bg2 g6 4.O-O Bg7 5.d4 O-O 6.c4 d6 7.Nc3 Nc6 8.d5 Na5
9.Qd3 c5 10.Ng5 Rb8 11.Rb1 Ne8 12.b4 cxb4 13.Rxb4 Nc7 14.Be3 Na6 15.Rbb1 Nc5
16.Bxc5 dxc5 17.Na4 Bf6 18.Ne6 Bxe6 19.dxe6 Qxd3 20.exd3 b6 21.Rb5 Rbc8 22.Re1 Rfd8
23.Bd5 Nc6 24.a3 Nd4 25.Rbb1 Rxd5 26.cxd5 Nf3+ 27.Kf1 Nxe1 28.Kxe1 Rd8 29.Kd2 Rxd5
30.Nc3 Bxc3+ 31.Kxc3 Re5 32.a4 Rxe6 33.a5 Re2 34.f4 bxa5 35.Ra1 Rxh2 36.Rxa5 Rg2
37.Rxa7 Kf7 38.Rc7 Rxg3 39.Rxc5 Rg4 40.Rc4 h5 41.Kd2 h4 42.Ke3 h3 43.Rc1 h2
44.Rh1 Rh4 45.Kf2 Rxf4+  0-1

[Event "Caorle op"]
[Site "Caorle"]
[Date "1988.??.??"]
[Round "7"]
[White "Ilic, Ognjen"]
[Black "Steiner, Darko"]
[Result "1/2-1/2"]
[WhiteElo "2420"]
[BlackElo "2305"]

1.d4 f5 2.g3 Nf6 3.Bg2 g6 4.Nf3 Bg7 5.O-O O-O 6.c4 d6 7.Nc3 Qe8 8.d5 c6 9.Qb3 cxd5
10.cxd5 Na6 11.Be3 Nd7 12.Rac1 Ndc5 13.Qa3 Ne4 14.Nxe4 fxe4 15.Ng5 Qb5 16.Rc2 Nb4
17.Qb3 Bd7 18.Rc7 a5 19.Bxe4 Rfc8 20.Rxd7 Qxd7 21.a3 Na6 22.Bg2 a4 23.Qd1 Rf8
24.Ne6 Bxb2 25.Bh3 Bf6 26.Bh6 Rf7 27.Ng5 Qb5 28.Be6 Bxg5 29.Bxg5 Nc5 30.Bxf7+ Kxf7
31.Qd2 Qd7 32.Qf4+ Kg8 33.e4 Rf8 34.Qh4 Rf7 35.Be3 Nb3 36.Qg5 Qb5 37.Qg4 Kg7
38.h4 Qe8 39.h5 Kh8 40.hxg6 Rg7 41.Bc1 Rxg6 42.Bb2+ Kg8 43.Qf4 Qf8 44.Qe3 Qh6
45.Qc3 Qh3 46.Rd1 Kf8 47.Bc1 Nxc1 48.Rxc1 Kf7 49.Qf3+ Rf6 50.Qg2 Qg4 51.Rc3 Qd1+
52.Qf1 Qd2 53.Rd3 Qc2 54.Re3 Qd2 55.Rd3 Qc2 56.Kg2 Kg8 57.Re3 b5 58.Qe2 Qc5
59.Qd2 Rf8 60.Rd3 Kh8 61.Rc3 Qa7 62.f3 b4 63.axb4 a3 64.Rb3 Ra8 65.Rb1 Qa4
66.Ra1 h5 67.Kf2  1/2-1/2

[Event "Dortmund op"]
[Site "Dortmund"]
[Date "1988.??.??"]
[Round "?"]
[White "Stangl, Markus"]
[Black "Klostermann, Markus"]
[Result "1-0"]
[WhiteElo "2385"]
[BlackElo "2240"]

1.Nf3 f5 2.d4 Nf6 3.g3 g6 4.Bg2 Bg7 5.O-O O-O 6.c4 d6 7.Nc3 Qe8 8.d5 Na6
9.Rb1 c6 10.b4 Nc7 11.dxc6 bxc6 12.Nd4 d5 13.b5 cxb5 14.cxd5 a6 15.Bf4 Ra7
16.Nc6 Rb7 17.Nxe7+ Qxe7 18.d6 Qf7 19.Bxb7 Bxb7 20.dxc7 Nh5 21.Bd6 Bxc3 22.Bxf8 Kxf8
23.Qd8+ Qe8 24.Rfd1 Bf6 25.Qb8 Bc8 26.Rd8 Bxd8 27.cxd8=R Qxd8 28.Rc1 Kg7
29.Qxc8 Qd5 30.Qxa6 Qd2 31.Qa7+ Kf6 32.Rc6+ Kg5 33.Qe3+  1-0

[Event "Eger op"]
[Site "Eger"]
[Date "1988.??.??"]
[Round "?"]
[White "Nikovits, Tibor"]
[Black "Hevesi, Zoltan"]
[Result "1/2-1/2"]
[WhiteElo "2265"]
[BlackElo "2200"]

1.c4 f5 2.d4 Nf6 3.Nf3 g6 4.g3 Bg7 5.Bg2 O-O 6.O-O d6 7.Nc3 Nc6 8.d5 Ne5
9.Qd3 c5 10.Nd2 a6 11.b3 Rb8 12.Bb2 Bd7 13.a3 b5 14.cxb5 axb5 15.b4 Nc4 16.Nxc4 bxc4
17.Qxc4 cxb4 18.axb4 Qb6 19.Na2 Rfc8 20.Qb3 Bb5 21.Qd1 Bc4 22.Qd2 Qb5 23.Qe3 Re8
24.Rfd1 Bxa2 25.Rxa2 Qxb4 26.Bd4 Qb3 27.Qe6+ Kf8 28.Raa1 Nh5 29.Bf3 Bxd4
30.Rxd4 Ng7 31.Qd7 Rb7  1/2-1/2

[Event "Eindhoven op"]
[Site "Eindhoven"]
[Date "1988.??.??"]
[Round "?"]
[White "De Boer, Gert Jan"]
[Black "Van Mil, Johannes A J"]
[Result "1-0"]
[WhiteElo "2390"]
[BlackElo "2395"]

1.Nf3 f5 2.d4 Nf6 3.g3 g6 4.Bg2 Bg7 5.O-O O-O 6.c4 d6 7.Nc3 Qe8 8.d5 Na6
9.Rb1 Bd7 10.b4 c6 11.dxc6 bxc6 12.a3 Nc7 13.Nd4 Rc8 14.Nb3 Ng4 15.Qc2 Ne6
16.e3 g5 17.Ne2 Nd8 18.h3 Nf6 19.f4 h6 20.Bb2 Qg6 21.Rbd1 Nf7 22.Nc5 dxc5
23.Bxf6 Qxf6 24.Rxd7 Qe6 25.Rd3 Nd6 26.Rc1 Ne4 27.Kh2 Rcd8 28.Rcd1 Rxd3 29.Rxd3 Rb8
30.Rb3 Rd8 31.Rd3 Rb8 32.Bf3 cxb4 33.axb4 Rxb4 34.Nd4 Qxc4 35.Qxc4+ Rxc4
36.Nxf5 Bf8 37.Rd8 Kf7 38.Bh5+ Ke6 39.Rxf8 Rc2+ 40.Kg1 Rc1+ 41.Kg2 Nf6  1-0